Statistics for NATO Summit Host Cities

Click here to take the quiz!

General Stats

  • This quiz has been taken 52 times
    (33 since last reset)
  • The average score is 30 of 36

Answer Stats

YearCountryCities% Correct
1990United KingdomLondon
100%
1977United KingdomLondon
100%
1974BelgiumBrussels
96%
2017BelgiumBrussels
96%
1999BelgiumBrussels
96%
2018BelgiumBrussels
96%
1994BelgiumBrussels
96%
2021BelgiumBrussels
96%
1989BelgiumBrussels
96%
2005BelgiumBrussels
96%
1989BelgiumBrussels
96%
1988BelgiumBrussels
96%
1985BelgiumBrussels
96%
2022BelgiumBrussels
96%
1975BelgiumBrussels
96%
1997United StatesWashington D.C.
96%
1978United StatesWashington D.C.
96%
2024United StatesWashington D.C.
96%
1997SpainMadrid
93%
1957FranceParis
93%
1997FranceParis
93%
2001ItalyRome
93%
1991ItalyRome
93%
2004TurkeyIstanbul
89%
2010PortugalLisbon
89%
2002CzechiaPrague
85%
2016PolandWarsaw
85%
2006LatviaRiga
81%
2008RomaniaBucharest
78%
2023LithuaniaVilnius
78%
1982West GermanyBonn
59%
2012United StatesChicago
52%
2009FranceStrasbourg
52%
2009GermanyKehl
7%
2014United KingdomNewport
7%
2019United KingdomWatford
7%

Score Distribution

Percentile by Number Answered

Percent of People with Each Score

Your Score History

You have not taken this quiz since the last reset